Filosofía elemental : Lógica, ética, metafísica, historia de la filosofía / Jaime Balmes (Registro nro. 32084)
[ vista simple ]
| 000 -LÍDER | |
|---|---|
| Campo fijo de descripción fija | 008180000a22002050004500 |
| 041 0# - CÓDIGO DE IDIOMA | |
| Código de idioma para texto/pista de sonido o título separado | |
| 082 04 - NÚMERO DE CLASIFICACIÓN DECIMAL DEWEY | |
| Número de clasificación | G 100 B194f |
| 001 - NÚMERO DE CONTROL | |
| Campo de control | 572 |
| 100 1# - ASIENTO PRINCIPAL--NOMBRE PERSONAL | |
| Nombre personal | Balmes, Jaime (1810–1848) |
| 245 10 - TÍTULO | |
| Título del Material | Filosofía elemental : Lógica, ética, metafísica, historia de la filosofía / Jaime Balmes |
| 250 ## - MENCIÓN DE EDICIÓN | |
| Mención de edición | 2 |
| 260 ## - PUBLICACIÓN, DISTRIBUCIÓN, ETC. (PIE DE IMPRENTA) | |
| Lugar de publicación, distribución, etc. | México, D.F. : Porrúa |
| 300 ## - DESCRIPCIÓN FÍSICA | |
| Extensión | 386 Pag. |
| 336 ## - CONTENT TYPE | |
| Content type term | texto |
| Content type code | txt |
| Source | rdacontent |
| 337 ## - MEDIA TYPE | |
| Source | rdamedia |
| Media type term | sin mediación |
| Media type code | n |
| 338 ## - CARRIER TYPE | |
| Source | rdacarrier |
| Carrier type term | volumen |
| Carrier type code | nc |
| 505 00 - NOTA DE CONTENIDO | |
| Nota de contenido con formato preestablecido | facultades auxiliares -- facultad principal el entendimiento -- el método -- ética -- metafísica -- estética -- ideología pura -- gramática general o filosofía del lenguaje -- psicología -- teodicea -- historia de la filosofía |
| 650 14 - ASIENTO SECUNDARIO DE MATERIA - TERMINO TEMÁTICO | |
| Término temático o nombre geográfico como elemento de entrada | LOGICA \ ETICA \ METAFISICA \ FILOSOFIA - HISTORIA |
| 942 ## - TIPO DE MATERIAL (KOHA) | |
| Tipo de Item KOHA | Libros General |
| Estado de Material | Estado de Perdido | Estado de Dañado | No para Préstamo | Colección | Tomo | Biblioteca de Origen | Biblioteca Permanente | Fecha de Adquisición | Total de Préstamos | Total de Renovaciones | Signatura Topográfica | Código de Barras | Última vez visto | Última vez Préstado | Ejemplar/Existencia | Fecha de Remplazo | Tipo de Material |
|---|---|---|---|---|---|---|---|---|---|---|---|---|---|---|---|---|---|
| Colección General | Biblioteca FUSBC | Biblioteca FUSBC | 17/09/2004 | 4 | 3 | G 100 B194f | 21 | 06/10/2025 | 18/10/2022 | 1 | 26/01/2016 | Libros General |
